000 00550nam a2200157 i 4500
001 30839
003 ES-MaACL
005 20230906154248.0
007 t|
008 030127s1955 sp ||||1| spa d
100 1 _aBayón Chacón, Gaspar.
_926713
245 1 3 _aLa autonomía de la voluntad en el Derecho del trabajo
_b: limitaciones a la libertad contractual en el Derecho histórico español /
_cGaspar Bayón Chacón.
260 _aMadrid :
_bTecnos,
_c[1955] (
_fClavileño)
300 _a317 p. ;
_c21 cm.
852 _aES-MaACL
_jC-12169
_bR.40224
999 _c30839
_d30839